|
|
|
|
| LEADER |
01010nam a2200241 a 4500 |
| 001 |
GR-Antirio648 |
| 008 |
090311s2000 mau b 001 0 gre d |
| 020 |
|
|
|a 1580530699
|
| 040 |
|
|
|a GrPaTEI
|b gre
|c GR-PaULI
|
| 040 |
|
|
|a GrPaTEI
|b gre
|c GR-PaULI
|
| 040 |
|
|
|a GrPaTEI
|b gre
|c GR-PaULI
|
| 082 |
|
0 |
|a 004.62
|2 21
|
| 100 |
0 |
|
|a Byrnes, Philippe
|
| 245 |
1 |
0 |
|a Protocol management in computer networking /
|c Byrnes, Philippe.
|
| 260 |
|
|
|a Boston , London :
|b Artech House,
|c c 2000
|
| 300 |
|
|
|a xviii. , 464σ. :
|b εικ. ;
|c 24 εκ.
|
| 490 |
0 |
|
|a Artech House telecommunications library.
|
| 504 |
|
|
|a Περιλαμβάνει βιβλιογραφίες και ευρετήριο.
|
| 650 |
|
0 |
|a COMPUTER NETWORK PROTOCOL
|
| 942 |
|
|
|2 ddc
|
| 952 |
|
|
|0 0
|1 0
|2 ddc
|4 0
|6 004_620000000000000_BYR
|7 0
|9 261871
|a LISK-2
|b LISK-2
|c BSC
|d 2021-01-17
|e 24
|f 0
|g 0.00
|l 0
|o 004.62 BYR
|p 2430000006818
|r 2021-01-17 00:00:00
|t 1
|w 2021-01-17
|y BK15
|x 20090311 0 1
|x GrPaTEI - Antirrio
|
| 971 |
|
|
|a .b25704473
|b 01-10-20
|c 12-09-16
|
| 999 |
|
|
|c 151099
|d 151099
|